00384pab a2200121 454500008004000000100003100040245009200071260000900163300001400172362000800186650002600194773004200220180718b2007 xxu||||| |||| 00| 0 eng d aBernerth, Jeremy B. et al. aJustice, cynicism, and commitment: a study of important organizational change variables c2007 ap.303-26. aSep aOrganizational change aJournal of Applied Behavioral Science